[Event "Cidreira op"]
[Site "Cidreira"]
[Date "2025.05.02"]
[Round "4"]
[White "Fragoso, Luis Fernando De An"]
[Black "Da Silva, Joao Carlos Orguim"]
[Result "1/2-1/2"]
[WhiteElo "1800"]
[BlackElo "1809"]
[PlyCount "65"]
[EventDate "2025.05.01"]
[EventType "swiss"]
[EventRounds "7"]
[EventCountry "BRA"]
[SourceTitle "CB19_2025"]
[SourceDate "2025.05.07"]
[SourceVersion "1"]
[SourceVersionDate "2025.05.07"]
[SourceQuality "1"]

1. e4 c5 2. c3 Nc6 3. d4 cxd4 4. cxd4 d5 5. e5 e6 6. Nf3 Bb4+ 7. Nbd2 Nge7 8. Bd3 Qb6 9. a3 Bxd2+ 10. Qxd2 Bd7 11. Bc2 Na5 12. Qg5 Nb3 13. Bxb3 Qxb3 14. 0-0 Nf5 15. Qd2 Rc8 16. Qd1 Ba4 17. Qxb3 Bxb3 18. Bd2 0-0 19. Bc3 Rc6 20. Nd2 Bc4 21. Rfc1 Rfc8 22. Nxc4 Rxc4 23. Rd1 b5 24. Rd3 a5 25. g4 Nh4 26. Rh3 Ng6 27. Rd1 b4 28. axb4 axb4 29. Rc1 bxc3 30. Rcxc3 Nf4 31. Rhe3 Rxc3 32. Rxc3 Rxc3 33. bxc3 1/2-1/2